For better rubber and beyond (Record no. 45566)
[ view plain ]
| 000 -LEADER | |
|---|---|
| fixed length control field | 00252nam a2200109Ia 4500 |
| 100 ## - MAIN ENTRY--AUTHOR NAME | |
| Personal name | Desalphine S M |
| 245 #0 - TITLE STATEMENT | |
| Title | For better rubber and beyond |
| 260 ## - PUBLICATION, DISTRIBUTION, ETC. (IMPRINT) | |
| Name of publisher | Outlook |
| Year of publication | 2004 |
| 300 ## - PHYSICAL DESCRIPTION | |
| Number of Pages | 55 |
| 942 ## - ADDED ENTRY ELEMENTS (KOHA) | |
| Koha item type | Reprints |
| Withdrawn status | Lost status | Damaged status | Not for loan | Home library | Current library | Shelving location | Date acquired | Serial Enumeration / chronology | Koha item type |
|---|---|---|---|---|---|---|---|---|---|
| Reprints | RRII Library | RRII Library | Rubber general | 22/12/2021 | Volume , Issue Feb | Reprints |